[Event "Barcelona Sant Marti op-B 24th"]
[Site "Barcelona"]
[Date "2024.07.19"]
[Round "7"]
[White "Dominguez Laguna, Didac"]
[Black "Lopez Arjona, Emilio"]
[Result "0-1"]
[WhiteElo "1824"]
[BlackElo "1705"]
[PlyCount "94"]
[EventDate "2024.07.13"]
[EventType "swiss"]
[EventRounds "9"]
[EventCountry "ESP"]
[SourceTitle "EXT 2025"]
[Source "ChessBase"]
[SourceDate "2024.10.14"]
[SourceVersion "1"]
[SourceVersionDate "2024.10.14"]
[SourceQuality "1"]

1. e4 c5 2. g3 d6 3. Bg2 Nf6 4. Ne2 Nc6 5. c3 d5 6. exd5 Nxd5 7. 0-0 e6 8. d4 Be7 9. dxc5 Bxc5 10. Nf4 Nxf4 11. Qxd8+ Nxd8 12. Bxf4 Bd7 13. Nd2 0-0 14. b4 Be7 15. Rad1 Ba4 16. Nb3 Rc8 17. Rc1 Nc6 18. Be3 b6 19. Nd4 Ne5 20. Be4 Nc4 21. Bc2 Bxc2 22. Nxc2 Bf6 23. Bd4 e5 24. Be3 Rfd8 25. Rfd1 Be7 26. Kf1 f5 27. f3 Kf7 28. Bf2 g5 29. Ke2 f4 30. Rxd8 Rxd8 31. Rd1 Ke6 32. Rxd8 Bxd8 33. Kd3 Kd5 34. Na1 a6 35. Nb3 h5 36. Be1 g4 37. gxf4 exf4 38. fxg4 hxg4 39. Nd2 Ne5+ 40. Ke2 f3+ 41. Ke3 Bg5+ 42. Kf2 Bf4 43. h4 g3+ 44. Kf1 f2 45. c4+ Nxc4 46. Nxc4 fxe1Q+ 47. Kxe1 Kxc4 0-1

[Event "Barcelona Sant Marti op-B 24th"]
[Site "Barcelona"]
[Date "2024.07.15"]
[Round "3"]
[White "Lopez Arjona, Emilio"]
[Black "Pla Julio, Carlos Javier"]
[Result "1-0"]
[WhiteElo "1705"]
[BlackElo "1505"]
[PlyCount "75"]
[EventDate "2024.07.13"]
[EventType "swiss"]
[EventRounds "9"]
[EventCountry "ESP"]
[SourceTitle "EXT 2025"]
[Source "ChessBase"]
[SourceDate "2024.10.14"]
[SourceVersion "1"]
[SourceVersionDate "2024.10.14"]
[SourceQuality "1"]

1. e4 e5 2. Nf3 d6 3. d4 exd4 4. Nxd4 Nf6 5. Nc3 a6 6. Bd3 Be7 7. 0-0 0-0 8. Re1 c5 9. Nf5 Nc6 10. Nxe7+ Nxe7 11. Bg5 Ng6 12. Nd5 Qd7 13. Bxf6 gxf6 14. Nxf6+ Kh8 15. Nxd7 Bxd7 16. a4 Rg8 17. Qf3 Ne5 18. Qe2 Bh3 19. g3 Bg4 20. Qe3 Rg6 21. Be2 Bh3 22. f4 Ng4 23. Bxg4 Rxg4 24. Kf2 Rf8 25. Rad1 Rg6 26. Rd5 Bd7 27. Rg5 Rf6 28. Qc3 h6 29. Qxf6+ Kh7 30. Qxd6 Rd8 31. Qb6 Rb8 32. Qc7 Rf8 33. Rd5 Be6 34. Qxb7 Kg6 35. Qxa6 Kf6 36. Rd6 Ke7 37. e5 Rb8 38. Qa7+ 1-0

[Event "Barcelona Tres Peons op 49th"]
[Site "Barcelona"]
[Date "2020.01.31"]
[Round "4"]
[White "Lopez Arjona, Emilio"]
[Black "Corominas Garrido, Jordi"]
[Result "0-1"]
[WhiteElo "1560"]
[BlackElo "1731"]
[PlyCount "140"]
[EventDate "2020.01.10"]
[EventType "swiss"]
[EventRounds "8"]
[EventCountry "ESP"]
[SourceTitle "CBM 195 Extra"]
[Source "ChessBase"]
[SourceDate "2020.05.31"]
[SourceVersion "1"]
[SourceVersionDate "2020.05.31"]
[SourceQuality "1"]

1. e4 e6 2. d4 d5 3. exd5 exd5 4. c4 Bb4+ 5. Nc3 Qe7+ 6. Be3 Nf6 7. a3 Bxc3+ 8. bxc3 0-0 9. Bd3 dxc4 10. Bxc4 Bf5 11. Nf3 Nbd7 12. 0-0 Nb6 13. Bb3 c6 14. Re1 Qc7 15. Ne5 Nfd5 16. Rc1 Kh8 17. c4 Nxe3 18. Rxe3 f6 19. Nd3 Rfe8 20. Qf3 Bxd3 21. Rxd3 Qe7 22. Re3 Qxa3 23. Rce1 Qf8 24. h4 Rad8 25. Qe2 Rxe3 26. Qxe3 Nc8 27. h5 Nd6 28. Qf4 g6 29. hxg6 hxg6 30. Re3 Nf5 31. Rh3+ Kg7 32. c5 Rxd4 33. Qc7+ Qe7 34. Qb8 Rd8 35. Qf4 Qe1+ 36. Kh2 Qe5 37. Qxe5 fxe5 38. g4 Nd4 39. Rd3 g5 40. Ba2 Kf6 41. Bb1 Rd5 42. Rh3 Rxc5 43. Rh6+ Ke7 44. Rh7+ Kd6 45. Be4 Rb5 46. Rg7 a5 47. Rg6+ Ke7 48. Rxg5 Ne6 49. Rg6 a4 50. Bd3 Rb4 51. Rg8 Kf7 52. Ra8 Rxg4 53. Bf5 Rb4 54. Rh8 Kf6 55. Bc2 Nd4 56. Bd1 b5 57. Rf8+ Ke7 58. Ra8 Kd6 59. Kg3 Nf5+ 60. Kf3 Rf4+ 61. Ke2 Kc5 62. Re8 a3 63. Rxe5+ Kb4 64. Re8 Kc3 65. f3 a2 66. Rd8 a1Q 67. Rd3+ Kc4 68. Kd2 Rd4 69. Be2 Qb2+ 70. Kd1 Rxd3+ 0-1

[Event "Martorell op 37th C"]
[Site "Martorell"]
[Date "2019.10.05"]
[Round "4.3"]
[White "Serralvo Martinez, Joan Antoni"]
[Black "Lopez Arjona, Emilio"]
[Result "1-0"]
[WhiteElo "1756"]
[BlackElo "1784"]
[PlyCount "106"]
[EventDate "2019.09.14"]
[EventType "swiss"]
[EventRounds "9"]
[EventCountry "ESP"]
[SourceTitle "EXT 2024"]
[Source "ChessBase"]
[SourceDate "2023.10.10"]
[SourceVersion "1"]
[SourceVersionDate "2023.10.10"]
[SourceQuality "1"]

1. e4 c5 2. Bc4 e6 3. Nf3 d6 4. d4 cxd4 5. Nxd4 Nf6 6. Nc3 Be7 7. 0-0 0-0 8. Be3 a6 9. Bb3 e5 10. Nf5 Be6 11. Nxe7+ Qxe7 12. Nd5 Nxd5 13. Bxd5 Nc6 14. Qd2 Rac8 15. c3 Qc7 16. Rfd1 Bxd5 17. Qxd5 Rcd8 18. a4 Ne7 19. Qb3 Qc6 20. Bg5 Rfe8 21. Qb4 h6 22. Be3 d5 23. Rac1 Kh7 24. Bc5 Nc8 25. exd5 Rxd5 26. Qe4+ f5 27. Qxd5 Qxa4 28. Qf7 f4 29. Rd7 Rg8 30. Rxb7 Qe4 31. Bf8 a5 32. Bxg7 Nd6 33. Qe7 Qxb7 34. Qxb7 Nxb7 35. Bxe5 f3 36. Bg3 fxg2 37. Kxg2 h5 38. Kh3 Rg4 39. Rd1 Nc5 40. Rd5 Rc4 41. Rxh5+ Kg6 42. Rh4 Rxh4+ 43. Kxh4 Nd3 44. b3 Nc1 45. b4 a4 46. Be5 Kf5 47. Bh8 a3 48. c4 Nd3 49. b5 a2 50. b6 Ne5 51. Bxe5 Kxe5 52. b7 Kd4 53. b8Q Kxc4 1-0

[Event "Sitges Sunway op-B 5th"]
[Site "Sitges"]
[Date "2018.12.20"]
[Round "7"]
[White "Isaksson, Philip"]
[Black "Lopez Arjona, Emilio"]
[Result "1-0"]
[WhiteElo "1459"]
[BlackElo "1535"]
[PlyCount "71"]
[EventDate "2018.12.14"]
[EventType "swiss"]
[EventRounds "10"]
[EventCountry "ESP"]
[SourceTitle "CBM 187 Extra"]
[Source "ChessBase"]
[SourceDate "2018.11.04"]
[SourceVersion "1"]
[SourceVersionDate "2018.11.04"]
[SourceQuality "1"]

1. e4 c5 2. Nf3 a6 3. a4 Nf6 4. Nc3 d6 5. h3 Nc6 6. d4 cxd4 7. Nxd4 Qc7 8. Be3 e5 9. Nb3 Be7 10. Be2 0-0 11. 0-0 b6 12. Nd2 Bb7 13. Nc4 Rab8 14. Bxb6 Qd7 15. Bf3 Rfc8 16. b3 Nb4 17. Ba5 Nc6 18. Nb6 Qe8 19. Nxc8 Rxc8 20. Bb6 Nb4 21. Ba5 Nc6 22. Bb6 Bd8 23. Bxd8 Qxd8 24. Nd5 Nd4 25. c4 Bxd5 26. exd5 Nxb3 27. Qxb3 Nd7 28. Qb4 Nc5 29. Rab1 f5 30. Qb6 Qf6 31. a5 e4 32. Be2 f4 33. Bg4 Rf8 34. Be6+ Kh8 35. Qxd6 Nd3 36. Rb8 1-0

[Event "Sitges Sunway op-B 5th"]
[Site "Sitges"]
[Date "2018.12.19"]
[Round "6"]
[White "Lopez Arjona, Emilio"]
[Black "Barguer, Alexey"]
[Result "1/2-1/2"]
[WhiteElo "1535"]
[BlackElo "1435"]
[PlyCount "193"]
[EventDate "2018.12.14"]
[EventType "swiss"]
[EventRounds "10"]
[EventCountry "ESP"]
[SourceTitle "CBM 187 Extra"]
[Source "ChessBase"]
[SourceDate "2018.11.04"]
[SourceVersion "1"]
[SourceVersionDate "2018.11.04"]
[SourceQuality "1"]

1. e4 c6 2. d4 d5 3. exd5 cxd5 4. Bd3 Nf6 5. Bf4 e6 6. Nf3 Bd6 7. Bxd6 Qxd6 8. 0-0 0-0 9. Re1 Nc6 10. c3 a6 11. Nbd2 b5 12. Nb3 Qc7 13. Nc5 Nd7 14. Bxh7+ Kxh7 15. Ng5+ Kg8 16. Qh5 Nf6 17. Qh4 Ne7 18. f4 Ng6 19. Qf2 Qxf4 20. Nf3 Ne4 21. Qc2 Nxc5 22. dxc5 b4 23. Rad1 Qc4 24. Qf2 bxc3 25. Rc1 Qxa2 26. Rxc3 Rb8 27. b3 Qxf2+ 28. Kxf2 a5 29. Ra1 Rb5 30. Nd4 Rb4 31. Nc6 Rf4+ 32. Ke3 e5 33. Rcc1 d4+ 34. Kd2 e4 35. Nxd4 Rd8 36. Ke3 Re8 37. Rxa5 Rf6 38. Ra8 Ra6 39. Rxa6 Bxa6 40. Ra1 Bd3 41. Rc1 Rc8 42. b4 Ne7 43. b5 f5 44. g3 Nd5+ 45. Kd2 g6 46. c6 Kf7 47. Rc5 Nc7 48. b6 Ke7 49. bxc7 Rxc7 50. Rc3 Kf6 51. Ke3 Ke5 52. h4 Bf1 53. Rc1 Bd3 54. Rc5+ Kd6 55. Rc3 Ke5 56. Rb3 Ba6 57. Rb6 Bc8 58. Nb5 Rg7 59. Rb8 Rg8 60. Na7 Be6 61. c7 Rg7 62. Rb7 Rg8 63. Rb8 Rg7 64. Nb5 Kd5 65. c8Q Bxc8 66. Rxc8 Ke6 67. Nd4+ Kf6 68. Rc6+ Kf7 69. Ne6 Rg8 70. Ng5+ Ke7 71. Nh3 Kf7 72. Nf4 g5 73. Rc7+ Kf6 74. Rc6+ Kf7 75. hxg5 Rxg5 76. Ne2 Ke7 77. Kf4 Rh5 78. Rc5 Rh2 79. Ke3 Kf6 80. Rc8 Kg7 81. Rc6 Kf7 82. Nf4 Ra2 83. Rc3 Kf6 84. Rb3 Kg5 85. Ne2 Kg4 86. Rc3 Ra4 87. Rb3 Ra2 88. Kf2 Rc2 89. Ra3 Rb2 90. Re3 Ra2 91. Rb3 Rc2 92. Ke3 Ra2 93. Rc3 Rb2 94. Ra3 Rc2 95. Rb3 Ra2 96. Rc3 Rb2 97. Ra3 1/2-1/2

[Event "Hospitalet de Llobregat Ponce 3rd"]
[Site "Hospitalet de Llobregat"]
[Date "2017.04.01"]
[Round "1"]
[White "Lopez Arjona, Emilio"]
[Black "Cervello Tost, Roger"]
[Result "0-1"]
[WhiteElo "1559"]
[BlackElo "2012"]
[PlyCount "94"]
[EventDate "2017.04.01"]
[EventType "swiss"]
[EventRounds "9"]
[EventCountry "ESP"]
[SourceTitle "EXT 2018"]
[Source "ChessBase"]
[SourceDate "2017.10.13"]
[SourceVersion "1"]
[SourceVersionDate "2017.10.13"]
[SourceQuality "1"]

1. e4 e5 2. Nf3 Nc6 3. d4 exd4 4. Nxd4 Nf6 5. Nxc6 bxc6 6. e5 Qe7 7. Qe2 Nd5 8. c4 Nb6 9. b3 Qe6 10. Qe3 g6 11. Bb2 Bg7 12. Nd2 0-0 13. Rb1 Re8 14. Nf3 f6 15. exf6 Qxe3+ 16. fxe3 Rxe3+ 17. Kf2 Bh6 18. Bc1 Rxf3+ 19. Kxf3 Bf8 20. Bd3 d6 21. Rf1 Nd7 22. Bb2 Bb7 23. Ke2 Kf7 24. Kd2 c5 25. g4 Bh6+ 26. Kc2 Ne5 27. Rbe1 Re8 28. h3 Bg2 29. Rf2 Bc6 30. Bxe5 Rxe5 31. Rxe5 dxe5 32. Kd1 Be3 33. Rf1 Bg2 34. Re1 Bf4 35. Kc2 Kxf6 36. Be4 Bxe4+ 37. Rxe4 Kg5 38. Re1 Kh4 39. Rg1 Kxh3 40. Rh1+ Kxg4 41. Rxh7 e4 42. Kd1 Kf3 43. Re7 g5 44. Ke1 g4 45. Kf1 g3 46. Rg7 e3 47. Kg1 e2 0-1